Devine la ville grâce a une image : Moyen - Statistiques

Statistiques générales
  • Ce quiz a été pris 101 fois
  • Le résultat moyen est 10 sur 16
Statistiques - réponses
Par images Réponse % Correct
San Francisco
92%
Mexico
89%
Le Caire
88%
Amsterdam
85%
Miami
77%
Lisbonne
73%
Shanghai
67%
Istanbul
65%
Singapour
65%
Marseille
63%
Kyoto
61%
Madrid
55%
Marrakech
54%
Séoul
39%
Doha
34%
Houston
18%
Aucun quiz correspondant
Distribution des résultats
% des personnes avec chaque résultat
Percentile par nombre de réponses
Votre historique - résultats
Vous n’avez pas pris ce quiz